| 000 | 00341 a2200109 4500 | ||
|---|---|---|---|
| 001 | ART_18507 | ||
| 005 | 20260410161702.0 | ||
| 008 | 260409a | ||
| 245 | 1 | 0 | _aLa controversia sobre los medios de pago ineficaces segĂșn la ley 25345 |
| 100 | 1 | _aOklander, Juan | |
| 773 | 0 |
_tRevista Impuestos _g- NÂș 9 (sep. 2012) _wREV639 |
|
| 999 |
_c15290 _d15290 |
||